All Minecraft Blocks - Statistics

General Stats
  • This quiz has been taken 1,531 times
    1,520 since last reset
  • The average score is 31 of 108
Answer Stats
Block Name % Correct
Dirt
85%
Stone
85%
Wooden Logs
84%
Diamond Block
77%
Diamond Ore
77%
Grass
77%
Cobblestone
76%
Sand
66%
Iron Ore
64%
Redstone Lamp
62%
Redstone Ore
62%
Redstone Torch
62%
Gold Ore
61%
Iron Block
60%
Gold Block
58%
Obsidian
57%
Water
56%
Bed
54%
Wool
54%
Lava
53%
Coal Ore
51%
Glass
51%
Netherrack
51%
Emerald Block
50%
Emerald Ore
50%
Crafting Bench
49%
Leaves
49%
Gravel
48%
Furnace
45%
Lapis Lazuli Block
44%
Lapis Lazuli Ore
44%
Bedrock
43%
Sandstone
43%
Chest
42%
Fence
42%
Nether Brick
40%
Wooden Door
40%
Air
38%
Clay
38%
Endstone
37%
Torch
36%
Stone Brick
35%
Wooden Planks
34%
Bricks
30%
Soulsand
29%
Glowstone
28%
Snow Block
25%
Mossy Cobblestone
24%
Pumpkin
23%
Bookshelves
22%
Ice
21%
Cactus
20%
Giant Mushroom
20%
TNT
20%
Melon
19%
Mob Spawner
19%
Wheat
19%
Anvil
18%
Enchanting Table
17%
Fence Gate
17%
Fire
16%
Piston
16%
Carrot
15%
Ender Chest
15%
End Portal
15%
Brewing Stand
14%
Cobblestone Wall
14%
Iron Bars
14%
Potato
13%
Sponge
13%
Mycelium
12%
Sticky Piston
12%
Beacon
11%
Dispenser
11%
Sapling
11%
Vines
11%
Sugarcane
10%
Cauldron
9%
Cobweb
9%
Nether Brick Fence
9%
Cake
8%
Nether Wart
8%
Command Block
7%
Jack o' Lantern
7%
Jukebox
7%
Note Block
7%
Flower Pot
6%
Red Mushroom
6%
Brown Mushroom
5%
Glass Panes
5%
Lilypad
5%
Portal
5%
Tripwire
5%
Dead Bush
4%
Powered Rail
4%
Stone Button
4%
Wooden Button
4%
Redstone Dust
3%
Cocoa Bean Pod
2%
Hatch
2%
Red Flower
2%
Yellow Flower
2%
Detector Rail
1%
Mob Head
1%
Steps
1%
Tripwire Hook
1%
Half Slabs
0%
No matching quizzes found
Score Distribution
Percent of People with Each Score
Percentile by Number Answered
Your Score History
You have not taken this quiz since the last reset